000 00307nam a22001217a 4500
999 _c3002
_d3002
005 20200925141836.0
008 200925b ||||| |||| 00| 0 eng d
020 _a9780751544732
040 _cCML
245 _aUnnatural Exposure.
_cCornwell, P.
260 _aLondon
_bClays Ltd
_c1997
942 _2ddc
_cBK
_kF
_mCOR